000 00430nam a2200181Ia 4500
005 20241014032715.0
008 240331s9999 xx 000 0 und d
020 _a0704339323
082 _bRUS
_a820
100 _aRuss, J
245 0 _aHow to suppress women's writing
260 _aLondon
_bThe Women's Press Limited
_c1984
300 _a160 p .,
650 _aWomen
650 _aHistory
650 _aCriticism
942 _cL
999 _c3171
_d3171